000 00684nam a22002297a 4500
005 20170124105927.0
010 _aA-382020
020 _c00
_a8170271578
035 _aA-382020
037 _bCen Lib/Ret
040 _aDPL
_bEN
082 _a327.54
_bRAM
100 _aRamachandram, G.
_975193
245 _aNehru and world peace /
_cby G. Ramachandram
260 _aNew Delhi
_bRadiant Publishers
_c1990
270 _aE-155, Kalkaji
_bNew Delhi
_e110019
300 _aviii, 177p. :
_c20cm(Hb)
500 _aIncludes bibliographical references and index
650 _aForeign relation
_979429
650 _aPeace
_95539
942 _2ddc
_cEN
_h327.54
_mRAM
999 _c123602
_d123602